Dear Sarah Bernhardt /

Bibliographic Details
Main Author: Sagan, Françoise, 1935-2004
Format: Book
Language:English
Published: New York : Seaver Books/H.Holt, [1988]
Edition:1st American ed.
Subjects:

MARC

Tag First Indicator Second Indicator Subfields
LEADER 00000cam a22000008a 4500
001 in00000734310
005 20151016074600.0
008 880224r1988 nyua 00011 eng
010 |a  88004663  
020 |a 0805008454 
035 |a (OCoLC)17620902 
035 |9 ADG0089AM 
040 |a DLC  |c DLC  |d TXA  |d UtOrBLW 
041 1 |a eng  |h fre 
049 |a TXAM  |c [A10937832] 
050 0 0 |a PQ2633.U74  |b S2813 1988 
082 0 |a 843/.914  |2 19 
100 1 |a Sagan, Françoise,  |d 1935-2004. 
240 1 0 |a Sarah Bernhardt.  |l English 
245 1 0 |a Dear Sarah Bernhardt /  |c Françoise Sagan ; translated from the French by Sabine Destrée. 
250 |a 1st American ed. 
264 1 |a New York :  |b Seaver Books/H.Holt,  |c [1988] 
264 4 |c ©1988 
300 |a 232 pages :  |b illustrations 
336 |a text  |b txt  |2 rdacontent 
337 |a unmediated  |b n  |2 rdamedia 
338 |a volume  |b nc  |2 rdacarrier 
500 |a Translation of: Sarah Bernhardt. 
600 1 0 |a Bernhardt, Sarah,  |d 1844-1923  |x Fiction. 
650 0 |a Imaginary letters. 
999 |a MARS 
999 f f |s f9624096-b2b5-3246-8d76-61ca4b2f7fe7  |i ffffeeeb-39ed-3c36-aed6-337547cecdd1  |t 0 
952 f f |p ric  |a Texas A&M University  |b Rellis Campus  |c Joint Library Facility  |d Remote Storage  |t 0  |e PQ2633.U74 S2813 1988  |h Library of Congress classification  |i unmediated -- volume  |m A14810937832 
998 f f |a PQ2633.U74 S2813 1988  |t 0  |l Remote Storage